[Event "Baku President's Cup 3rd"]
[Site "Baku"]
[Date "2008.05.12"]
[Round "1"]
[White "Babaev, Rashad"]
[Black "Mammadov, Zaur Fazahir Oglu"]
[Result "1-0"]
[WhiteElo "2482"]
[BlackElo "1997"]
[PlyCount "61"]
[EventDate "2008.05.12"]
[EventType "swiss"]
[EventRounds "9"]
[EventCountry "AZE"]
[SourceTitle "CBM 124 Extra"]
[Source "ChessBase"]
[SourceDate "2008.07.03"]
[SourceVersion "1"]
[SourceVersionDate "2008.07.03"]
[SourceQuality "1"]

1. e4 c6 2. d4 d5 3. Nd2 dxe4 4. Nxe4 Bf5 5. Ng3 Bg6 6. h4 h6 7. Nf3 Nd7 8. h5 Bh7 9. Bd3 Bxd3 10. Qxd3 e6 11. Bd2 Qc7 12. 0-0-0 Ngf6 13. Kb1 0-0-0 14. c4 Bd6 15. Ne4 Nxe4 16. Qxe4 Nf6 17. Qe2 c5 18. Bc3 Rhe8 19. Ne5 Bf8 20. dxc5 Bxc5 21. g4 Nh7 22. b4 Bf8 23. f4 f6 24. Ng6 Bd6 25. Rhf1 Qb6 26. c5 Bxc5 27. Qc4 Kb8 28. Qxc5 Qa6 29. b5 Qa4 30. Rxd8+ Rxd8 31. Qb4 1-0

[Event "Ouest Toulousain op-A 3rd"]
[Site "Tournefeuille"]
[Date "2008.03.01"]
[Round "8"]
[White "Kasparova, Tatiana"]
[Black "Babaev, Rashad"]
[Result "1/2-1/2"]
[WhiteElo "2172"]
[BlackElo "2468"]
[PlyCount "60"]
[EventDate "2008.02.25"]
[EventType "swiss"]
[EventRounds "9"]
[EventCountry "FRA"]
[SourceTitle "CBM 123 Extra"]
[Source "ChessBase"]
[SourceDate "2008.05.06"]
[SourceVersion "1"]
[SourceVersionDate "2008.05.06"]
[SourceQuality "1"]

1. e4 c5 2. Nf3 d6 3. Bb5+ Nc6 4. Bxc6+ bxc6 5. 0-0 e5 6. d3 Be7 7. Nbd2 Nf6 8. Re1 Bg4 9. c3 0-0 10. Qa4 Qc7 11. d4 cxd4 12. cxd4 Nd7 13. dxe5 dxe5 14. h3 Be6 15. Qc2 f5 16. exf5 Rxf5 17. Nd4 exd4 18. Rxe6 Re5 19. Rxc6 Re1+ 20. Nf1 Qe5 21. Qc4+ Kh8 22. Bf4 Rxf1+ 23. Rxf1 Qxf4 24. Rd1 Nb6 25. Qxd4 Qf8 26. Qc3 Bf6 27. Qc2 h6 28. b3 Re8 29. a4 Qb4 30. g3 a5 1/2-1/2

[Event "Ouest Toulousain op-A 3rd"]
[Site "Tournefeuille"]
[Date "2008.02.28"]
[Round "6"]
[White "Barsov, Alexei"]
[Black "Babaev, Rashad"]
[Result "1/2-1/2"]
[WhiteElo "2521"]
[BlackElo "2468"]
[PlyCount "21"]
[EventDate "2008.02.25"]
[EventType "swiss"]
[EventRounds "9"]
[EventCountry "FRA"]
[SourceTitle "CBM 123 Extra"]
[Source "ChessBase"]
[SourceDate "2008.05.06"]
[SourceVersion "1"]
[SourceVersionDate "2008.05.06"]
[SourceQuality "1"]

1. d4 Nf6 2. c4 g6 3. Nf3 Bg7 4. g3 0-0 5. Bg2 d5 6. cxd5 Nxd5 7. 0-0 Nc6 8. Nc3 Nb6 9. d5 Na5 10. Qc2 Nxd5 11. Rd1 1/2-1/2